Statistics for Biggest Cities in Europe starting with F

Click here to take the quiz!

General Stats

  • This quiz has been taken 73 times
  • The average score is 3 of 9

Answer Stats

PopulationCountryAnswer% Correct
733,000GermanyFrankfurt
94%
383,000ItalyFlorence
85%
220,000GermanyFreiburg
39%
132,000ItalyFerrara
18%
153,000ItalyFoggia
15%
112,000PortugalFunchal
15%
119,000ItalyForli
10%
125,000GermanyFurth
10%
198,000SpainFuenlabrada
6%

Score Distribution

Percentile by Number Answered

Percent of People with Each Score

Your Score History

You have not taken this quiz